TV Show by Final Scene Quiz Stats

Quiz Updated Jan 5, 2016

Also try: TV Time
Challenge
Share
Tweet
Score 0/20 Timer 05:00
0 Plays Today
% Correct
Seinfeld
93.2%
24
91.9%
Sex and the City
91.3%
Everybody Loves Raymond
88.8%
Friends
88.5%
The Sopranos
84.1%
Smallville
83.4%
Breaking Bad
78.1%
M*A*S*H
77.5%
Lost
72.1%
% Correct
Roseanne
71.1%
Star Trek: The Next Generation
58.9%
Angel
52.5%
Dexter
50.7%
The Mary Tyler Moore Show
45.7%
Newhart
44.9%
Quantum Leap
29.9%
St. Elsewhere
17.6%
Little House on the Prairie
16.9%
Battlestar Galactica
12.4%

You're not logged in!

Compare scores with friends on all Sporcle quizzes.
Sign Up with Email
OR
Log In

You Might Also Like...

Show Comments

Extras

Top Quizzes Today


Score Distribution

Your Account Isn't Verified!

In order to create a playlist on Sporcle, you need to verify the email address you used during registration. Go to your Sporcle Settings to finish the process.